000 00388nam a22001457a 4500
005 20170418112357.0
008 170418b xxu||||| |||| 00| 0 eng d
020 _a9789533074184
040 _cPK-LaUMT
082 _a610.28
_bBIO-
245 _aBiomaterials - Physics and Chemistry /
_cedited by Rosario Pignatello
260 _aRijeka :
_bInTech,
_c2016
300 _a490 p.
942 _cBK
999 _c92703
_d92703